000 00562nam a2200169Ia 4500
005 20250508153629.0
008 008 250505s9999 xx 000 0 eng d
037 _aTextual
040 _aFEDL
_beng
_cFEDL
041 _aeng
_2eng
084 _a375.5, COM
_qFEDL
245 0 _aScience in general education: Suggestions for science teachers in secondary schools and in the lower division of colleges
260 _aNew York, USA
_bAppleton-Century-Crofts
_c1938
300 _axiii,591p.
942 _cTEXL
_h375.5, COM
999 _c1344539
_d1344539